[Event "BCF-chT3 0910 (4NCL)"]
[Site "England"]
[Date "2009.10.24"]
[Round "1.5"]
[White "Statham, Robert"]
[Black "Wagner, Guy"]
[Result "1-0"]
[WhiteElo "1930"]
[BlackElo "1904"]
[PlyCount "65"]
[EventDate "2009.10.24"]
[EventType "team-tourn"]
[EventRounds "11"]
[EventCountry "ENG"]
[SourceTitle "EXT 2011"]
[Source "ChessBase"]
[SourceDate "2010.11.26"]
[SourceVersion "1"]
[SourceVersionDate "2010.11.26"]
[SourceQuality "1"]
[WhiteTeam "Warwicks Select II"]
[BlackTeam "Celtic Tigers II"]
[WhiteTeamCountry "ENG"]
[BlackTeamCountry "ENG"]

1. d4 e6 2. c4 f5 3. Nf3 Nf6 4. Nc3 d5 5. Bg5 c6 6. e3 Bd6 7. cxd5 exd5 8. Bd3 0-0 9. Qc2 Qd7 10. 0-0 Ne4 11. Ne2 Nxg5 12. Nxg5 Qe7 13. Nf3 Be6 14. Rfe1 Nd7 15. Nf4 g6 16. Nxe6 Qxe6 17. e4 fxe4 18. Rxe4 dxe4 19. Bc4 Qd5 20. Bxd5+ cxd5 21. Ng5 h6 22. Ne6 Rf6 23. Nc5 Rc8 24. Qb3 Nb6 25. Nxe4 Re6 26. Nxd6 Rxd6 27. Qe3 g5 28. g3 Rdc6 29. Qe7 R8c7 30. Qe8+ Kg7 31. Re1 Rf7 32. Re7 Rc7 33. Qxf7+ 1-0